[Event "6th Sharjah Masters 2023"]
[Site "Sharjah UAE"]
[Date "2023.05.19"]
[Round "3.10"]
[White "Jumabayev, Rinat"]
[Black "Salem, A.R. Saleh"]
[Result "1/2-1/2"]
[WhiteTitle "GM"]
[BlackTitle "GM"]
[WhiteElo "2590"]
[BlackElo "2677"]
[WhiteFideId "13702661"]
[BlackFideId "9301348"]
[EventDate "2023.05.17"]
[EventType "swiss"]

1. c4 Nf6 2. Nf3 c5 3. Nc3 e6 4. d4 cxd4 5. Nxd4 d5 6. Bf4 Nbd7 7. Qa4 Bc5 8.
Nb3 O-O 9. cxd5 Nxd5 10. Nxd5 exd5 11. e3 Be7 12. Rd1 Nb6 13. Qd4 Nc4 14. Bxc4
dxc4 15. Qxc4 Be6 16. Qa4 Qc8 17. Nd4 Bc4 18. f3 Bh4+ 19. Bg3 Bg5 20. Kf2 b5 21.
Qa5 Re8 22. Rhe1 Bd8 23. Qd2 Qa6 24. a3 Ba5 25. b4 Bd8 26. Nf5 Bf6 27. Nd6 Re6
28. Qc1 h5 29. Ne4 Be7 30. Nc5 Bxc5 31. bxc5 h4 32. Bd6 h3 33. g4 Qc6 34. Kg3
Rae8 35. e4 Rh6 36. Qc3 Qc8 37. Rd4 Qd8 38. Kf2 Qh4+ 39. Bg3 Qg5 40. Bd6 Qh4+
41. Kg1 Rf6 42. Bg3 Qg5 43. Bd6 Qh4 44. Bg3 Qg5 45. Bd6 1/2-1/2

[Event "6th Sharjah Masters 2023"]
[Site "Sharjah UAE"]
[Date "2023.05.19"]
[Round "3.11"]
[White "Tabatabaei, M. Amin"]
[Black "Sethuraman, S.P."]
[Result "1-0"]
[WhiteTitle "GM"]
[BlackTitle "GM"]
[WhiteElo "2677"]
[BlackElo "2626"]
[WhiteFideId "12521213"]
[BlackFideId "5021596"]
[EventDate "2023.05.17"]
[EventType "swiss"]

1. e4 e6 2. d4 d5 3. e5 c5 4. c3 Nc6 5. Nf3 Qb6 6. a3 Nh6 7. Bd3 cxd4 8. O-O Be7
9. b4 Nf5 10. Bxf5 exf5 11. cxd4 Be6 12. Nc3 Rc8 13. Qd3 O-O 14. h4 Rfe8 15. Bg5
Bf8 16. Na4 Qa6 17. Qxa6 bxa6 18. Rfc1 Bd7 19. Nc5 Bxc5 20. Rxc5 h6 21. Bf4 Nd8
22. Rxd5 Bc6 23. Ra5 Bxf3 24. gxf3 Ne6 25. Be3 f4 26. d5 fxe3 27. dxe6 Rxe6 28.
Re1 exf2+ 29. Kxf2 Rc4 30. Rd1 Rxh4 31. Rd6 Re7 32. Rdxa6 Rc7 33. Rxa7 Rc2+ 34.
Kg3 Rch2 35. e6 fxe6 36. Rc5 R2h3+ 37. Kf2 Rh2+ 38. Ke3 Rb2 39. Rcc7 Rb3+ 40.
Kf2 Rf4 41. Rxg7+ Kf8 42. Rgc7 Rbxf3+ 43. Ke2 Rf2+ 44. Kd3 R2f3+ 45. Kc2 Rf7 46.
b5 Rxc7+ 47. Rxc7 Ke8 48. b6 Kd8 49. a4 Rf2+ 50. Kb3 Rf1 51. a5 Ra1 52. Kb4 e5
53. Rh7 e4 54. b7 Rb1+ 55. Kc4 1-0

[Event "6th Sharjah Masters 2023"]
[Site "Sharjah UAE"]
[Date "2023.05.19"]
[Round "3.12"]
[White "Nihal, Sarin"]
[Black "Suleymanli, Aydin"]
[Result "1-0"]
[WhiteTitle "GM"]
[BlackTitle "GM"]
[WhiteElo "2673"]
[BlackElo "2560"]
[WhiteFideId "25092340"]
[BlackFideId "13413937"]
[EventDate "2023.05.17"]
[EventType "swiss"]

1. e4 e5 2. Nf3 Nc6 3. Bb5 a6 4. Ba4 Nf6 5. O-O Be7 6. Re1 b5 7. Bb3 O-O 8. a4
b4 9. a5 Bb7 10. d3 Bc5 11. Bg5 h6 12. Bh4 g5 13. Bg3 d6 14. c3 bxc3 15. bxc3
Rb8 16. Nbd2 Bc8 17. Bc4 Nh7 18. d4 exd4 19. cxd4 Nxd4 20. e5 Nf5 21. Qc2 g4 22.
Bd3 Nxg3 23. Bxh7+ Kg7 24. hxg3 gxf3 25. Nxf3 f5 26. exf6+ Qxf6 27. Rab1 Rxb1
28. Rxb1 Bg4 29. Be4 Re8 30. Rb7 Re7 31. Rb8 Bd7 32. Ra8 Re8 33. Rxa6 Qe6 34.
Bc6 Bxc6 35. Rxc6 Qd7 36. Qb2+ Kg8 37. Qb7 Qe6 38. Rxc7 Bxf2+ 39. Kxf2 1-0

[Event "6th Sharjah Masters 2023"]
[Site "Sharjah UAE"]
[Date "2023.05.19"]
[Round "3.13"]
[White "Korobov, Anton"]
[Black "Mchedlishvili, Mikheil"]
[Result "1/2-1/2"]
[WhiteTitle "GM"]
[BlackTitle "GM"]
[WhiteElo "2664"]
[BlackElo "2553"]
[WhiteFideId "14105730"]
[BlackFideId "13600966"]
[EventDate "2023.05.17"]
[EventType "swiss"]

1. e4 c5 2. Nf3 e6 3. d4 cxd4 4. Nxd4 Nc6 5. Nc3 Qc7 6. Be2 Nf6 7. O-O Be7 8.
Be3 O-O 9. Kh1 d6 10. a4 a6 11. f4 Re8 12. a5 Nxa5 13. e5 dxe5 14. fxe5 Qxe5 15.
Bf4 Qc5 16. Na4 Qa7 17. Bc7 Nc4 18. Bxc4 b5 19. Be5 bxa4 20. Nc6 Qd7 21. Nxe7+
Rxe7 22. Bd6 Re8 23. Rxf6 Rd8 24. Qh5 gxf6 25. Qg4+ Kh8 26. Rd1 Qxd6 27. Rxd6
Rxd6 28. Bd3 Rxd3 29. cxd3 Bb7 30. Qh4 Kg7 31. Qxa4 Bd5 32. Qg4+ 1/2-1/2

[Event "6th Sharjah Masters 2023"]
[Site "Sharjah UAE"]
[Date "2023.05.19"]
[Round "3.14"]
[White "Galperin, Platon"]
[Black "Sjugirov, Sanan"]
[Result "0-1"]
[WhiteTitle "GM"]
[BlackTitle "GM"]
[WhiteElo "2528"]
[BlackElo "2712"]
[WhiteFideId "14165414"]
[BlackFideId "4189302"]
[EventDate "2023.05.17"]
[EventType "swiss"]

1. d4 d5 2. c4 c6 3. e3 Nf6 4. Nc3 e6 5. Nf3 Nbd7 6. Qc2 Bd6 7. Bd3 O-O 8. O-O
dxc4 9. Bxc4 a6 10. a3 c5 11. dxc5 Bxc5 12. b4 Be7 13. Bd3 b5 14. e4 Bd6 15. Bg5
Bb7 16. Qe2 Qb8 17. h3 h6 18. Be3 Ne5 19. Rad1 Rc8 20. Nxe5 Bxe5 21. Nb1 Bxe4
22. Bxe4 Nxe4 23. Bxh6 Nf6 24. f4 Bc7 25. Bg5 Nd5 26. f5 Bb6+ 27. Kh1 Qg3 28.
Bc1 Bc7 29. Kg1 Qh2+ 30. Kf2 Bb6+ 31. Kf3 Rxc1 0-1

[Event "6th Sharjah Masters 2023"]
[Site "Sharjah UAE"]
[Date "2023.05.19"]
[Round "3.15"]
[White "Ivic, Velimir"]
[Black "Martirosyan, Haik M."]
[Result "0-1"]
[WhiteTitle "GM"]
[BlackTitle "GM"]
[WhiteElo "2595"]
[BlackElo "2675"]
[WhiteFideId "950122"]
[BlackFideId "13306553"]
[EventDate "2023.05.17"]
[EventType "swiss"]

1. e4 e5 2. Nf3 Nc6 3. Bb5 Nf6 4. d3 Bc5 5. c3 O-O 6. O-O d5 7. exd5 Qxd5 8. Bc4
Qd8 9. b4 Bd6 10. Re1 h6 11. Nbd2 Re8 12. Qc2 a6 13. a3 Bf5 14. h3 Bf8 15. Ne4
Be6 16. Bxe6 Rxe6 17. a4 Qd5 18. Rb1 b5 19. Be3 Nh5 20. axb5 axb5 21. c4 Qd8 22.
Qc3 bxc4 23. dxc4 Qe8 24. c5 f5 25. Ng3 Nxg3 26. fxg3 e4 27. Nd4 Nxd4 28. Bxd4
c6 29. Rf1 Qg6 30. b5 cxb5 31. Rxb5 Rae8 32. Qe3 Be7 33. Rb7 Kh7 34. Ra1 Bg5 35.
Qc3 R8e7 36. Rxe7 Bxe7 37. Rf1 h5 38. Qe3 h4 39. g4 fxg4 40. hxg4 Bg5 41. Qe2 e3
42. Rc1 Bf4 43. g5 Qxg5 44. c6 Qg3 45. Qh5+ Kg8 46. c7 Qh2+ 47. Kf1 Qh1+ 0-1

[Event "6th Sharjah Masters 2023"]
[Site "Sharjah UAE"]
[Date "2023.05.19"]
[Round "3.16"]
[White "Mendonca, Leon Luke"]
[Black "Oparin, Grigoriy"]
[Result "0-1"]
[WhiteTitle "GM"]
[BlackTitle "GM"]
[WhiteElo "2603"]
[BlackElo "2667"]
[WhiteFideId "35028561"]
[BlackFideId "24125890"]
[EventDate "2023.05.17"]
[EventType "swiss"]

1. e4 c5 2. Nf3 e6 3. g3 Nc6 4. Bg2 Nf6 5. Qe2 e5 6. O-O Be7 7. c3 d6 8. d3 O-O
9. Na3 Re8 10. Nc4 h6 11. Ne3 Bf8 12. Nd2 Rb8 13. a4 a6 14. Re1 b5 15. axb5 axb5
16. f4 exf4 17. gxf4 Bd7 18. Ndf1 c4 19. Ng3 cxd3 20. Qxd3 Na5 21. b4 Nb3 22.
Rb1 Nxc1 23. Rbxc1 Rc8 24. Qd4 h5 25. e5 Ng4 26. Nxg4 Bxg4 27. Bf1 dxe5 28. Qxd8
Rexd8 29. fxe5 Be7 30. h3 Be6 31. Nxh5 Bg5 32. Rc2 Bd2 33. Re2 Bxc3 34. Rg2 Bd4+
35. Kh2 Bxe5+ 36. Ng3 Rxc2 37. Rxc2 Rd4 38. Rc5 Rd2+ 39. Bg2 Bd6 40. Rg5 f6 0-1

[Event "6th Sharjah Masters 2023"]
[Site "Sharjah UAE"]
[Date "2023.05.19"]
[Round "3.17"]
[White "Abasov, Nijat"]
[Black "Socko, Bartosz"]
[Result "1-0"]
[WhiteTitle "GM"]
[BlackTitle "GM"]
[WhiteElo "2634"]
[BlackElo "2591"]
[WhiteFideId "13402960"]
[BlackFideId "1107038"]
[EventDate "2023.05.17"]
[EventType "swiss"]

1. d4 Nf6 2. Nf3 d5 3. Bf4 e6 4. e3 c5 5. Nbd2 Bd6 6. Ne5 O-O 7. c3 Qc7 8. Bd3
Nc6 9. Ndf3 c4 10. Bc2 b5 11. h4 Bb7 12. h5 Ne4 13. Nxc6 Bxf4 14. exf4 Bxc6 15.
Ne5 f6 16. Nxc6 Qxc6 17. Bxe4 dxe4 18. Qe2 e5 19. fxe5 fxe5 20. Rd1 exd4 21.
Rxd4 Rf4 22. O-O Raf8 23. g3 R4f5 24. Rxe4 Qc5 25. g4 Rf3 26. Re8 Rf4 27. Qe6+
Kh8 28. Rxf8+ Rxf8 29. Kg2 h6 30. f3 b4 31. Rd1 bxc3 32. bxc3 Qb5 33. Qe7 Qb2+
34. Kg3 Rg8 35. Qe5 Qc2 36. Re1 Qxa2 37. Qd6 Qa5 38. Re6 Rd8 39. Qe7 Rc8 40.
Rxh6+ gxh6 41. Qf6+ Kg8 42. Qe6+ Kg7 43. Qd7+ Kf6 44. Qxc8 Qa1 45. Qf8+ Ke6 46.
Qxh6+ Kd5 47. Qg5+ Kc6 48. Qg6+ Kc5 49. Qf5+ Kb6 50. Qe6+ Kc5 51. Qe5+ Kc6 52.
h6 Qg1+ 53. Kh4 a5 54. Kg5 Qh1 55. Qe4+ Kb5 56. h7 1-0

[Event "6th Sharjah Masters 2023"]
[Site "Sharjah UAE"]
[Date "2023.05.19"]
[Round "3.18"]
[White "Yakubboev, Nodirbek"]
[Black "Peralta, Fernando"]
[Result "1-0"]
[WhiteTitle "GM"]
[BlackTitle "GM"]
[WhiteElo "2630"]
[BlackElo "2596"]
[WhiteFideId "14203987"]
[BlackFideId "105309"]
[EventDate "2023.05.17"]
[EventType "swiss"]

1. c4 e6 2. Nc3 Bb4 3. e4 Ne7 4. Nf3 O-O 5. a3 Bxc3 6. dxc3 d6 7. h4 e5 8. h5
Nd7 9. h6 g6 10. b4 b6 11. Ng5 Bb7 12. Be3 Nc6 13. Bd3 Qe7 14. Qc2 Nd8 15. O-O-O
f6 16. Nh3 Nf7 17. f3 a6 18. Kb2 Bc6 19. Qe2 Rfb8 20. Bc2 Nf8 21. Nf2 Bd7 22. g3
Be6 23. f4 b5 24. c5 a5 25. Qf3 axb4 26. cxb4 dxc5 27. Bxc5 Nd6 28. f5 Bf7 29.
Bxd6 cxd6 30. fxg6 hxg6 31. Ng4 Nh7 32. Rhf1 Bc4 33. Nxf6+ Kh8 34. Nd5 Qa7 35.
Rfe1 Rf8 36. Qe3 Qb7 37. Nb6 Rxa3 38. Kxa3 Qa6+ 39. Ba4 bxa4 40. Rxd6 Bg8 41.
Rxg6 Rd8 42. Rxg8+ Rxg8 43. Nd5 Qb7 44. Qc3 Rg5 45. Rf1 Qa6 46. Rf5 Qxh6 47.
Rxg5 Qxg5 48. Kxa4 1-0

[Event "6th Sharjah Masters 2023"]
[Site "Sharjah UAE"]
[Date "2023.05.19"]
[Round "3.19"]
[White "Kuybokarov, Temur"]
[Black "Petrosyan, Manuel"]
[Result "1/2-1/2"]
[WhiteTitle "GM"]
[BlackTitle "GM"]
[WhiteElo "2566"]
[BlackElo "2629"]
[WhiteFideId "14203049"]
[BlackFideId "13300857"]
[EventDate "2023.05.17"]
[EventType "swiss"]

1. d4 Nf6 2. c4 e6 3. Nf3 b6 4. g3 Bb7 5. Bg2 Bb4+ 6. Bd2 a5 7. O-O O-O 8. Bf4
Be7 9. Qc2 Be4 10. Qd1 Bb7 11. Qc2 Be4 12. Qc1 Bb7 13. Qc2 1/2-1/2

[Event "6th Sharjah Masters 2023"]
[Site "Sharjah UAE"]
[Date "2023.05.19"]
[Round "3.20"]
[White "Sadhwani, Raunak"]
[Black "Vokhidov, Shamsiddin"]
[Result "0-1"]
[WhiteTitle "GM"]
[BlackTitle "GM"]
[WhiteElo "2627"]
[BlackElo "2586"]
[WhiteFideId "35093487"]
[BlackFideId "14204223"]
[EventDate "2023.05.17"]
[EventType "swiss"]

1. e4 c5 2. Nf3 e6 3. c3 Nf6 4. e5 Nd5 5. d4 cxd4 6. cxd4 d6 7. Bc4 Be7 8. O-O
O-O 9. Qe2 b6 10. Rd1 Bb7 11. Bxd5 exd5 12. Nc3 Na6 13. h3 Nc7 14. Qd3 Re8 15.
Be3 Qd7 16. Rd2 h6 17. Rad1 Rad8 18. Qb1 dxe5 19. dxe5 Bc5 20. Bxc5 bxc5 21. Ne4
Ne6 22. b4 c4 23. Nd6 c3 24. Rd3 d4 25. Qc1 Bxf3 26. Rxf3 Rf8 27. Nf5 f6 28.
Rxc3 fxe5 29. Ng3 Qf7 30. Rc2 Nf4 31. Kh2 Rd6 32. Rc7 Qxa2 33. Rxg7+ Kxg7 34.
Qc7+ Rf7 35. Qxd6 Qd5 36. Qxd5 Nxd5 37. Ne4 Nxb4 38. Ra1 Nd5 39. Ra5 Nf6 40. Ng3
d3 41. Nf1 e4 42. Kg3 Rb7 43. Ra2 Nd5 44. Nd2 Nc3 45. Ra3 Rb2 46. Nc4 Rc2 47.
Ne3 Ne2+ 48. Kg4 Rc7 49. Ra6 Rd7 50. Nd1 Rf7 51. g3 Kh7 52. Re6 Rg7+ 53. Kh5
Rg5+ 54. Kh4 Nd4 55. Re7+ Rg7 0-1

[Event "6th Sharjah Masters 2023"]
[Site "Sharjah UAE"]
[Date "2023.05.19"]
[Round "3.21"]
[White "Indjic, Aleksandar"]
[Black "Erdos, Viktor"]
[Result "1/2-1/2"]
[WhiteTitle "GM"]
[BlackTitle "GM"]
[WhiteElo "2618"]
[BlackElo "2565"]
[WhiteFideId "911925"]
[BlackFideId "719978"]
[EventDate "2023.05.17"]
[EventType "swiss"]

1. c4 c5 2. g3 g6 3. Bg2 Bg7 4. Nc3 Nf6 5. b3 O-O 6. Ba3 Qa5 7. Bb2 Nc6 8. Nh3
d5 9. Nxd5 Nxd5 10. Bxg7 Kxg7 11. cxd5 Bxh3 12. Bxh3 Nb4 13. Qc1 Nxd5 14. Qb2+
Nf6 15. O-O Rfd8 16. d3 Rd4 17. Rfc1 Rad8 18. Bf1 Kg8 19. a3 Qb6 20. Qc3 Nd7 21.
b4 cxb4 22. axb4 Rxb4 23. Rxa7 Nf6 24. h3 Ne8 25. Rca1 Rb1 26. Rxb1 Qxb1 27. Qc5
Nd6 28. h4 h5 29. Qd4 Rc8 30. Ra1 Qb5 31. Bh3 Qc5 32. Qb2 Qc3 33. Qb1 Rb8 34.
Ra7 Qc5 35. Qa1 Qc2 36. Qe5 Qb1+ 37. Bf1 Re8 38. e4 Qb6 39. Ra1 Qb5 40. Qxb5
Nxb5 41. Rb1 Nd6 42. e5 Nf5 43. Bg2 Rc8 44. Be4 Rc5 45. Bxf5 gxf5 46. d4 Rc7 47.
d5 Rc5 48. Rd1 Kf8 49. Kg2 b5 50. Kf3 Rc4 51. d6 Ke8 52. Rd5 b4 53. Rb5 exd6 54.
exd6 f4 55. Rxh5 fxg3 56. fxg3 Kd7 57. Rf5 Ke6 58. Rd5 Rc8 59. d7 Rd8 60. Rb5
Rxd7 61. Rxb4 Kf6 62. Rg4 Rd3+ 63. Kg2 Rd2+ 64. Kh3 Rd1 65. Rg8 Rd5 66. Kg4 Ra5
67. h5 Ra1 68. Kf3 Rh1 69. g4 Ke5 70. Kg3 Ke6 71. Kf4 f6 72. Rg7 Rf1+ 73. Kg3
Rh1 74. Rh7 Kd6 75. Ra7 f5 76. gxf5 Ke5 77. Ra5+ Kf6 78. h6 Kg5 79. Kf3 Kxh6 80.
Kf4 Kg7 81. Ke4 1/2-1/2

[Event "6th Sharjah Masters 2023"]
[Site "Sharjah UAE"]
[Date "2023.05.19"]
[Round "3.22"]
[White "Acs, Peter"]
[Black "Aryan, Chopra"]
[Result "0-1"]
[WhiteTitle "GM"]
[BlackTitle "GM"]
[WhiteElo "2561"]
[BlackElo "2617"]
[WhiteFideId "708020"]
[BlackFideId "5084423"]
[EventDate "2023.05.17"]
[EventType "swiss"]

1. e4 e5 2. Nf3 Nc6 3. d4 exd4 4. Nxd4 Nf6 5. Nxc6 bxc6 6. e5 Qe7 7. Qe2 Nd5 8.
h4 Qe6 9. Nd2 a5 10. g3 Nb4 11. Nf3 Ba6 12. c4 Qg6 13. Kd1 c5 14. a3 Nc6 15. h5
Qe6 16. Bd2 Be7 17. Bc3 O-O 18. Qe4 f5 19. Qd5 Rab8 20. Nd2 f4 21. Bg2 Nd4 22.
Bxd4 cxd4 23. Qxd4 c5 24. Qc3 Bb7 25. Bd5 Bxd5 26. cxd5 Qxd5 27. Qc4 Qxc4 28.
Nxc4 fxg3 29. fxg3 Rf3 30. Rg1 Rf5 31. h6 gxh6 32. Ke2 Kf7 33. Rh1 h5 34. g4
hxg4 35. Rxh7+ Ke6 36. Rd1 Rf4 37. Rh6+ Kf5 38. Rf1 Rxf1 39. Kxf1 Bg5 40. Rd6
Bc1 41. Rxd7 Bxb2 42. Rf7+ Ke6 43. Rg7 Bd4 44. Nxa5 Rb1+ 45. Ke2 Kd5 46. Rg5
Rb2+ 47. Kd3 Rb5 48. e6+ Kxe6 49. Nc4 Rb3+ 50. Ke4 g3 51. Rg6+ Kf7 52. Rg4 Kf6
53. a4 Rc3 54. Kd5 Kf5 55. Rg8 Kf4 56. a5 Rc2 57. a6 Ra2 58. Nd2 Rxd2 59. a7 Ra2
60. a8=Q Rxa8 61. Rxa8 g2 62. Rf8+ Kg3 63. Rg8+ Kh3 0-1

[Event "6th Sharjah Masters 2023"]
[Site "Sharjah UAE"]
[Date "2023.05.19"]
[Round "3.23"]
[White "Ter-Sahakyan, Samvel"]
[Black "Asis Gargatagli, Hipolito"]
[Result "0-1"]
[WhiteTitle "GM"]
[BlackTitle "GM"]
[WhiteElo "2617"]
[BlackElo "2519"]
[WhiteFideId "13302531"]
[BlackFideId "2260735"]
[EventDate "2023.05.17"]
[EventType "swiss"]

1. e4 c5 2. Nf3 d6 3. d4 cxd4 4. Nxd4 Nf6 5. Nc3 a6 6. Be3 Ng4 7. Bc1 Nf6 8. f3
e5 9. Nb3 Be6 10. Be3 h5 11. Nd5 Bxd5 12. exd5 Nbd7 13. Qd2 g6 14. Be2 Bg7 15.
O-O-O Qc7 16. Kb1 O-O 17. g4 Rfc8 18. Rc1 hxg4 19. fxg4 a5 20. g5 a4 21. gxf6
Nxf6 22. h4 axb3 23. cxb3 Qd7 24. Rcf1 Ne4 25. Qe1 Qc7 26. Bd3 Nc5 27. Bxc5 Qxc5
28. Qe4 f5 29. Rxf5 Rxa2 30. Rf8+ Rxf8 31. Kxa2 Rf4 32. Qxg6 e4 33. Qe6+ Kh8 34.
Bc4 Qa7+ 35. Kb1 Qd4 0-1

[Event "6th Sharjah Masters 2023"]
[Site "Sharjah UAE"]
[Date "2023.05.19"]
[Round "3.24"]
[White "Moroni, Luca Jr"]
[Black "Vakhidov, Jakhongir"]
[Result "0-1"]
[WhiteTitle "GM"]
[BlackTitle "GM"]
[WhiteElo "2535"]
[BlackElo "2607"]
[WhiteFideId "865834"]
[BlackFideId "14201801"]
[EventDate "2023.05.17"]
[EventType "swiss"]

1. c4 Nf6 2. Nc3 g6 3. e4 d6 4. d4 Bg7 5. Bd3 O-O 6. Nge2 Nc6 7. O-O e5 8. d5
Nd4 9. Nxd4 exd4 10. Ne2 Qe7 11. f3 Nd7 12. Bf4 c5 13. Qd2 Ne5 14. Bg5 f6 15.
Bh4 g5 16. Bg3 Nxd3 17. Qxd3 f5 18. b4 b6 19. bxc5 bxc5 20. Be1 h5 21. Bd2 h4
22. Rae1 Bd7 23. Nc1 Qf6 24. Qa3 Qg6 25. Qa6 fxe4 26. fxe4 h3 27. Qb7 Bg4 28.
Qe7 hxg2 29. Rxf8+ Rxf8 30. Nd3 Qh5 31. e5 Qh3 32. Nf2 Rxf2 33. Kxf2 Qxh2 0-1

[Event "6th Sharjah Masters 2023"]
[Site "Sharjah UAE"]
[Date "2023.05.19"]
[Round "3.25"]
[White "Yoo, Christopher Woojin"]
[Black "Muradli, Mahammad"]
[Result "1-0"]
[WhiteTitle "GM"]
[BlackTitle "GM"]
[WhiteElo "2607"]
[BlackElo "2531"]
[WhiteFideId "30909694"]
[BlackFideId "13409301"]
[EventDate "2023.05.17"]
[EventType "swiss"]

1. Nf3 Nf6 2. c4 e6 3. g3 d5 4. Bg2 dxc4 5. Qc2 Nbd7 6. O-O Nb6 7. Nc3 Bd6 8. e4
e5 9. b3 Bg4 10. bxc4 c6 11. Ne2 Bxf3 12. Bxf3 Nbd7 13. Bg2 Qe7 14. d4 exd4 15.
Nxd4 g6 16. Rb1 Bc5 17. Rd1 Bb6 18. Bg5 h6 19. Bxf6 Qxf6 20. e5 Qe7 21. e6 Ne5
22. Qe2 f6 23. Kh1 O-O-O 24. Nb3 Rxd1+ 25. Rxd1 Qxe6 26. c5 Bc7 27. f4 Qc4 28.
Qb2 Ng4 29. h3 Ne3 30. Qxf6 Rd8 31. Rxd8+ Bxd8 32. Qxg6 a5 33. Qe4 Qc3 34. Qe6+
Kb8 35. Qd6+ Ka7 36. Qd2 Bf6 37. Qxc3 Bxc3 38. g4 a4 39. Nc1 Ka6 40. Be4 Kb5 41.
Nd3 Bf6 42. Kh2 Bh4 43. Ne5 Kxc5 44. Nf3 Be7 45. g5 Bd6 46. Kg1 hxg5 47. fxg5
Nd1 48. h4 Nc3 49. Bc2 b5 50. h5 Ne2+ 51. Kf2 Nd4 52. h6 Bf8 53. Ne5 Kd5 1-0

[Event "6th Sharjah Masters 2023"]
[Site "Sharjah UAE"]
[Date "2023.05.19"]
[Round "3.26"]
[White "Murzin, Volodar"]
[Black "Vasquez Schroeder, Rodrigo"]
[Result "1-0"]
[WhiteTitle "GM"]
[BlackTitle "GM"]
[WhiteElo "2604"]
[BlackElo "2524"]
[WhiteFideId "44155573"]
[BlackFideId "3400042"]
[EventDate "2023.05.17"]
[EventType "swiss"]

1. e4 c5 2. Nf3 d6 3. d4 cxd4 4. Nxd4 Nf6 5. Nc3 a6 6. Be3 e6 7. f3 b5 8. a3
Nbd7 9. g4 Nb6 10. Qd2 Bb7 11. O-O-O Rc8 12. Kb1 Be7 13. Rg1 Nfd7 14. f4 Nc5 15.
f5 e5 16. f6 gxf6 17. Nf5 Nxe4 18. Nxe4 Bxe4 19. Bxb6 Qxb6 20. Bd3 Bxf5 21. Bxf5
Rb8 22. Rg3 h6 23. Rh3 Bf8 24. Rc1 Qb7 25. c4 b4 26. c5 dxc5 27. Rd1 Qc7 28.
Bd7+ Ke7 29. g5 Rb6 30. Bg4 bxa3 31. Rxa3 Rd6 32. gxf6+ Kxf6 33. Qf2+ Ke7 34.
Rad3 Rd4 35. Rxd4 cxd4 36. Rf1 Ke8 37. Qf6 Rg8 38. Bh5 Rg7 39. Rc1 Qb8 40. Qe6+
Kd8 41. Qf6+ Ke8 42. Qe6+ Kd8 43. Bxf7 Be7 44. Qd5+ Bd6 45. Qe6 Be7 46. Rc6 Qb7
47. Qd5+ Qd7 48. Qa5+ 1-0

[Event "6th Sharjah Masters 2023"]
[Site "Sharjah UAE"]
[Date "2023.05.19"]
[Round "3.27"]
[White "Aditya, Mittal"]
[Black "Sindarov, Javokhir"]
[Result "1/2-1/2"]
[WhiteTitle "GM"]
[BlackTitle "GM"]
[WhiteElo "2522"]
[BlackElo "2661"]
[WhiteFideId "35042025"]
[BlackFideId "14205483"]
[EventDate "2023.05.17"]
[EventType "swiss"]

1. Nf3 Nf6 2. c4 g6 3. Nc3 Bg7 4. e4 d6 5. d4 O-O 6. Be2 e5 7. O-O Nc6 8. dxe5
dxe5 9. Bg5 Bg4 10. Qxd8 Nxd8 11. Bxf6 Bxf6 12. Nd5 Bxf3 13. gxf3 Bg5 14. Nxc7
Rc8 15. Nd5 Ne6 16. Kg2 a5 17. Rad1 Rfd8 18. Rh1 Kf8 19. h4 Be7 20. h5 gxh5 21.
f4 Nxf4+ 22. Nxf4 Rxd1 23. Bxd1 exf4 24. Rxh5 Rxc4 25. Kf3 a4 26. Rxh7 Rd4 27.
Be2 1/2-1/2

[Event "6th Sharjah Masters 2023"]
[Site "Sharjah UAE"]
[Date "2023.05.19"]
[Round "3.28"]
[White "Bernadskiy, Vitaliy"]
[Black "Vidit, Santosh Gujrathi"]
[Result "1/2-1/2"]
[WhiteTitle "GM"]
[BlackTitle "GM"]
[WhiteElo "2592"]
[BlackElo "2731"]
[WhiteFideId "14100371"]
[BlackFideId "5029465"]
[EventDate "2023.05.17"]
[EventType "swiss"]

1. e4 e5 2. Nf3 Nc6 3. Bb5 a6 4. Ba4 Nf6 5. Nc3 Bc5 6. d3 b5 7. Bb3 h6 8. Be3
Bxe3 9. fxe3 d6 10. O-O Na5 11. Nd5 Nxb3 12. Nxf6+ Qxf6 13. axb3 O-O 14. Qe1 Qe7
15. Nh4 g6 16. h3 c5 17. Rf3 Kh7 18. Qf2 Be6 19. Rf1 Rg8 20. g4 a5 21. Qg3 a4
22. bxa4 bxa4 23. R3f2 Rab8 24. Ra1 Rxb2 25. Rxa4 Rb1+ 26. Kh2 Rgb8 27. d4 Qd7
28. Ra3 cxd4 29. exd4 exd4 30. Nf3 Qc6 31. Qh4 Qc5 32. e5 Kg7 33. Qf6+ Kg8 34.
Rd3 Rc1 35. Nxd4 Qxe5+ 36. Qxe5 dxe5 37. Nxe6 fxe6 38. Rd6 Rf8 39. Rxf8+ Kxf8
40. Rxe6 Rxc2+ 41. Kg3 Rc3+ 42. Kg2 Rc2+ 43. Kg3 Rc3+ 44. Kg2 1/2-1/2

[Event "6th Sharjah Masters 2023"]
[Site "Sharjah UAE"]
[Date "2023.05.19"]
[Round "3.29"]
[White "Yuffa, Daniil"]
[Black "Robson, Ray"]
[Result "1-0"]
[WhiteTitle "GM"]
[BlackTitle "GM"]
[WhiteElo "2592"]
[BlackElo "2704"]
[WhiteFideId "24131423"]
[BlackFideId "2023970"]
[EventDate "2023.05.17"]
[EventType "swiss"]

1. c4 e5 2. g3 Nf6 3. Bg2 Bc5 4. Nc3 c6 5. Nf3 e4 6. Nh4 d5 7. cxd5 cxd5 8. d3
Ng4 9. O-O g5 10. d4 Be7 11. f3 Nxh2 12. Kxh2 gxh4 13. fxe4 Bd6 14. Kg1 Rg8 15.
e5 Rxg3 16. Bf4 Rg6 17. Kh1 Be7 18. Bxd5 Nc6 19. e3 Bh3 20. Qb3 Na5 21. Qb5+ Qd7
22. Qxd7+ Bxd7 23. Be4 Nc4 24. Rf2 Rc8 25. Bxb7 Bc6+ 26. Bxc6+ Rcxc6 27. Nd5 Bd8
28. Raf1 Nb6 29. Nxb6 Bxb6 30. Bh2 Rg7 31. Rd1 Rc4 32. Bf4 Ke7 33. Kh2 Ke6 34.
b3 Rc8 35. d5+ Ke7 36. Bh6 Rg6 37. Rdf1 Rcg8 38. Rxf7+ Ke8 39. Rf8+ Rxf8 40.
Rxf8+ Ke7 41. Rf6 Rxf6 42. Bg5 Kf7 43. Bxf6 Bxe3 44. Bxh4 Bf4+ 45. Bg3 Bg5 46.
Kh3 h5 47. e6+ Kg6 48. d6 Kf6 49. e7 Kf7 50. Bh4 Bf4 51. d7 1-0

[Event "6th Sharjah Masters 2023"]
[Site "Sharjah UAE"]
[Date "2023.05.19"]
[Round "3.30"]
[White "Dardha, Daniel"]
[Black "Iskandarov, Misratdin"]
[Result "1-0"]
[WhiteTitle "GM"]
[BlackTitle "GM"]
[WhiteElo "2631"]
[BlackElo "2577"]
[WhiteFideId "240990"]
[BlackFideId "13400312"]
[EventDate "2023.05.17"]
[EventType "swiss"]

1. e4 c5 2. Nf3 e6 3. c3 d5 4. e5 d4 5. Bd3 Nc6 6. O-O g5 7. Qe2 Bg7 8. Bb5 Bd7
9. d3 g4 10. Bxc6 Bxc6 11. Nfd2 Ne7 12. Nc4 Nf5 13. Qxg4 h5 14. Qg5 Rg8 15.
Qxd8+ Rxd8 16. Na5 dxc3 17. Nxc3 Bxe5 18. Nxc6 bxc6 19. Ne4 Rxd3 20. Nxc5 Rd5
21. Ne4 h4 22. h3 Ke7 23. Rb1 Bd4 24. Re1 Rb8 25. b3 Ra5 26. a4 Rd5 27. Ba3+ Kd7
28. Kf1 Kc7 29. Rec1 Rbd8 30. Bb4 Bb6 31. Bc3 Kb7 32. b4 Nd6 33. Nc5+ Ka8 34.
Bf6 Rg8 35. Bxh4 Nf5 36. Bf6 a5 37. Ne4 axb4 38. Rxc6 Ba7 39. g4 Nd4 40. Rc4 b3
41. Bxd4 Bxd4 42. Rxb3 Ba7 43. Kg2 Rdd8 44. Nf6 Rg6 45. Nd7 Rxd7 46. Rc8+ Bb8
47. Rbxb8+ Ka7 48. Ra8+ Kb7 49. Rcb8+ Kc6 50. Ra6+ Kc5 51. Rb5+ Kd4 52. a5 Rg8
53. Rab6 f5 54. Kg3 e5 55. a6 f4+ 56. Kg2 e4 57. Rb4+ Kd3 58. Re6 e3 59. Rxf4
exf2 60. Rxf2 1-0